000
00219nam a2200097Ia 4500
008
190216s9999||||xx |||||||||||||| ||und||
100
_a
Mahajan.V.D
245
0
_a
England Since 1485
260
_b
S Chand & Co
942
_c
BK
999
_c
19165
_d
19165